European Cities by Letter - L - Statistics

General Stats
  • This quiz has been taken 37 times
  • The average score is 14 of 20
Answer Stats
Clue City % Correct
Capital of Portugal Lisbon
100%
You may ride a certain Eye here London
100%
Home of the Beatles Liverpool
97%
Capital of Slovenia Ljubljana
95%
Its football club dominated French football in the 2000s Lyon
92%
The Monday Demonstrations here aided in the fall of East Germany Leipzig
86%
Major city in western Ukraine, formerly under Polish control Lviv
84%
Five-line poem with a rhyme scheme of AABBA Limerick
81%
The fourth-largest city in Poland, just southwest of Warsaw Lodz
76%
Its airport serves the above city Luton
76%
Famous for its namesake kind of waffles Liege
65%
Seceded from Ukraine along with Donetsk Luhansk
65%
A certain red cheese derives its name from this English city Leicester
59%
Rivals with another city represented by a white rose Lancaster
57%
The birthplace of Rembrandt and also famous for its university Leiden
49%
Lies on the coast of Tuscany, a major port for the region Livorno
49%
It hosts the oldest active endurance racing event in the world Le Mans
43%
Smallest city in the world with a true metro system Lausanne
32%
The home of the oldest university in the Low Countries Leuven
32%
Where Kepler discovered his laws of planetary motion Linz
14%
No matching quizzes found
Score Distribution
Percent of People with Each Score
Percentile by Number Answered
Your Score History
You have not taken this quiz